000 00192nam a22000857a 4500
008 161013b xxu||||| |||| 00| 0 eng d
100 _9831
_aHindi
245 _aHindi literature
260 _aNew Delhi
999 _c3483
_d3483